Enzyme Catalysis in Organic Synthesis. Volume 2

Enregistré dans:
Détails bibliographiques
Autres auteurs: Drauz, Karlheinz (ed.), Gröger, Harald (ed.), May, Oliver (ed.)
Format: Livre
Langue:anglais
Publié: Weinheim Wiley-VCH 2012
Édition:3rd, compl. revised and enlarged edit.
Sujets:
Accès en ligne:Voir à l'OPAC
Tags: Ajouter un tag
Pas de tags, Soyez le premier à ajouter un tag!

MARC

LEADER 00000nam a2200000 a 4500
005 20260127134143.0
008 120914 2012 000 0 eng d
020 |a 9783527325474 
035 |a vtls010450075 
039 9 |y 201209140905  |z mschk03 
040 |a STUSCHK1  |b slo  |c STUSCHK1  |e AACR2 
080 |a 547 
245 1 |a Enzyme Catalysis in Organic Synthesis. Volume 2  |c edited by Karlheinz Drauz, Harald Gröger, Oliver May 
250 |a 3rd, compl. revised and enlarged edit. 
260 |a Weinheim  |b Wiley-VCH  |c 2012 
300 |a Lii, 531-1223 s.  |b il.  |c 24,5 cm 
650 0 |a organic synthesis 
700 1 |a Drauz, Karlheinz  |4 ed. 
700 1 |a Gröger, Harald  |4 ed. 
700 1 |a May, Oliver  |4 ed. 
910 |a SCHK95 
919 |a 978-527-32547-4 
999 |c 5322  |d 5322